<?xml version="1.0" encoding="UTF-8"?>
<record
    xmlns:xsi="http://www.w3.org/2001/XMLSchema-instance"
    xsi:schemaLocation="http://www.loc.gov/MARC21/slim http://www.loc.gov/standards/marcxml/schema/MARC21slim.xsd"
    xmlns="http://www.loc.gov/MARC21/slim">

  <leader>02296nam a22004217a 4500</leader>
  <controlfield tag="003">BO-EaUP</controlfield>
  <controlfield tag="005">20260504173909.0</controlfield>
  <controlfield tag="008">260504b2023    ck |||||r|||| 00| 0 spasd</controlfield>
  <datafield tag="020" ind1=" " ind2=" ">
    <subfield code="a">978-958-503-567-6</subfield>
  </datafield>
  <datafield tag="040" ind1=" " ind2=" ">
    <subfield code="a">BO-EaUP</subfield>
    <subfield code="c">Biblioadmiempresas</subfield>
    <subfield code="e">RDA</subfield>
    <subfield code="b">spa</subfield>
  </datafield>
  <datafield tag="041" ind1=" " ind2=" ">
    <subfield code="a">spa</subfield>
    <subfield code="h">spa</subfield>
  </datafield>
  <datafield tag="043" ind1=" " ind2=" ">
    <subfield code="a">s-ck</subfield>
  </datafield>
  <datafield tag="082" ind1=" " ind2=" ">
    <subfield code="2">21</subfield>
    <subfield code="a">658.5</subfield>
  </datafield>
  <datafield tag="092" ind1=" " ind2=" ">
    <subfield code="a">658.5</subfield>
    <subfield code="e">LOG&#xCD;STICA</subfield>
    <subfield code="S">M8271g.3</subfield>
  </datafield>
  <datafield tag="100" ind1=" " ind2=" ">
    <subfield code="a">Mora Garc&#xED;a, Lu&#xED;s Anibal</subfield>
    <subfield code="e">Autor</subfield>
    <subfield code="9">55</subfield>
    <subfield code="d">1963-</subfield>
  </datafield>
  <datafield tag="245" ind1="1" ind2="0">
    <subfield code="a">Gesti&#xF3;n Log&#xED;stica Integral : </subfield>
    <subfield code="b">las mejores pr&#xE1;cticas en la cadena de abastecimiento /</subfield>
    <subfield code="c">Lu&#xED;s Mora G.</subfield>
  </datafield>
  <datafield tag="250" ind1=" " ind2=" ">
    <subfield code="a">Tercera edici&#xF3;n</subfield>
  </datafield>
  <datafield tag="260" ind1=" " ind2=" ">
    <subfield code="a">Bogot&#xE1; :</subfield>
    <subfield code="b">Ecoe Ediciones, </subfield>
    <subfield code="c">2023</subfield>
  </datafield>
  <datafield tag="300" ind1=" " ind2=" ">
    <subfield code="a">xxviii, 136 p&#xE1;ginas ;</subfield>
    <subfield code="b">Ilustraciones (blanco y negro), tablas, gr&#xE1;ficos ; Tapa blanda ;</subfield>
    <subfield code="c">17 x 24 cent&#xED;metros ; </subfield>
    <subfield code="f">impreso </subfield>
  </datafield>
  <datafield tag="336" ind1=" " ind2=" ">
    <subfield code="2">rdacontent</subfield>
    <subfield code="a">texto</subfield>
    <subfield code="b">txt</subfield>
  </datafield>
  <datafield tag="337" ind1=" " ind2=" ">
    <subfield code="2">rdamedia</subfield>
    <subfield code="a">no mediado</subfield>
    <subfield code="b">n</subfield>
  </datafield>
  <datafield tag="338" ind1=" " ind2=" ">
    <subfield code="2">rdacarrier</subfield>
    <subfield code="a">volumen</subfield>
    <subfield code="b">nc</subfield>
  </datafield>
  <datafield tag="505" ind1="2" ind2=" ">
    <subfield code="a">Cap&#xED;tulo 1. Gerencia de la Cadena de Abastecimientos.- </subfield>
  </datafield>
  <datafield tag="505" ind1="2" ind2=" ">
    <subfield code="a">Cap&#xED;tulo 2. Los macroprocesos en la gesti&#xF3;n log&#xED;stica.- </subfield>
  </datafield>
  <datafield tag="505" ind1="2" ind2=" ">
    <subfield code="a">Cap&#xED;tulo 3. Costos e indicadores de la gesti&#xF3;n log&#xED;stica.-</subfield>
  </datafield>
  <datafield tag="505" ind1="2" ind2=" ">
    <subfield code="a">Cap&#xED;tulo 4. Tendencias y Proyecciones de la log&#xED;stica integral.-</subfield>
  </datafield>
  <datafield tag="505" ind1="2" ind2=" ">
    <subfield code="a">Cap&#xED;tulo 5. Cadenas de abastecimientos 4.0 (industria y Log&#xED;stica 4.0)</subfield>
  </datafield>
  <datafield tag="520" ind1=" " ind2=" ">
    <subfield code="a">Esta obra describe el campo de la log&#xED;stica a trav&#xE9;s de sus macroprocesos, costos, indicadores, tendencias y proyecciones. Con apoyo de material visual y estad&#xED;sticas, presenta las mejores pr&#xE1;cticas y aplicaciones en la gesti&#xF3;n log&#xED;stica incluyendo todos sus procesos operativos y tendencias del mercado. Esta tercera edici&#xF3;n se enfoca en la Industria y Log&#xED;stica 4.0 en lo relacionado con la tecnificaci&#xF3;n y digitalizaci&#xF3;n de la cadena de abastecimientos.</subfield>
  </datafield>
  <datafield tag="521" ind1=" " ind2=" ">
    <subfield code="a">Dirigido a estudiantes, tecn&#xF3;logos y profesionales de log&#xED;stica e involucrados en la cadena y procesos de abastecimiento, almacenamiento, transporte, distribuci&#xF3;n y servicio al cliente.</subfield>
  </datafield>
  <datafield tag="650" ind1=" " ind2=" ">
    <subfield code="a">LOG&#xCD;STICA EMPRESARIAL</subfield>
    <subfield code="9">195</subfield>
  </datafield>
  <datafield tag="650" ind1=" " ind2=" ">
    <subfield code="a">OPERACIONES Y PROYECTOS</subfield>
    <subfield code="9">5926</subfield>
  </datafield>
  <datafield tag="653" ind1=" " ind2=" ">
    <subfield code="a">ADMINISTRACI&#xD3;N DE MATERIALES</subfield>
  </datafield>
  <datafield tag="653" ind1=" " ind2=" ">
    <subfield code="a">INDICADORES DE GESTI&#xD3;N</subfield>
  </datafield>
  <datafield tag="653" ind1=" " ind2=" ">
    <subfield code="a">GESTI&#xD3;N DE ALMACENES</subfield>
  </datafield>
  <datafield tag="653" ind1=" " ind2=" ">
    <subfield code="a">GESTI&#xD3;N UBDUSTRIAL</subfield>
  </datafield>
  <datafield tag="653" ind1=" " ind2=" ">
    <subfield code="a">ORGANIZACI&#xD3;N INDUSTRIAL</subfield>
  </datafield>
  <datafield tag="942" ind1=" " ind2=" ">
    <subfield code="2">ddc</subfield>
    <subfield code="c">BK</subfield>
    <subfield code="n">0</subfield>
    <subfield code="e">21</subfield>
  </datafield>
  <datafield tag="999" ind1=" " ind2=" ">
    <subfield code="c">5512</subfield>
    <subfield code="d">5512</subfield>
  </datafield>
  <datafield tag="952" ind1=" " ind2=" ">
    <subfield code="0">0</subfield>
    <subfield code="1">0</subfield>
    <subfield code="2">ddc</subfield>
    <subfield code="4">0</subfield>
    <subfield code="7">0</subfield>
    <subfield code="8">LOE</subfield>
    <subfield code="a">BEAE</subfield>
    <subfield code="b">BEAE</subfield>
    <subfield code="c">AF</subfield>
    <subfield code="d">2026-05-04</subfield>
    <subfield code="e">Compra</subfield>
    <subfield code="i">HBAEOA06-0590</subfield>
    <subfield code="l">0</subfield>
    <subfield code="o">658.5/M8271g1.3</subfield>
    <subfield code="p">658.5/M8271g1.3</subfield>
    <subfield code="r">2026-05-04 17:35:14</subfield>
    <subfield code="t">ej.1</subfield>
    <subfield code="w">2026-05-04</subfield>
    <subfield code="y">BK</subfield>
  </datafield>
  <datafield tag="952" ind1=" " ind2=" ">
    <subfield code="0">0</subfield>
    <subfield code="1">0</subfield>
    <subfield code="2">ddc</subfield>
    <subfield code="4">0</subfield>
    <subfield code="7">0</subfield>
    <subfield code="8">LOE</subfield>
    <subfield code="a">BEAE</subfield>
    <subfield code="b">BEAE</subfield>
    <subfield code="c">AF</subfield>
    <subfield code="d">2026-05-04</subfield>
    <subfield code="e">Compra</subfield>
    <subfield code="i">HBAEOA06-0591</subfield>
    <subfield code="l">0</subfield>
    <subfield code="o">658.5/M8271g2.3</subfield>
    <subfield code="p">658.5/M8271g2.3</subfield>
    <subfield code="r">2026-05-04 17:35:00</subfield>
    <subfield code="t">ej.2</subfield>
    <subfield code="w">2026-05-04</subfield>
    <subfield code="y">BK</subfield>
  </datafield>
</record>
